Principles of experimentation and measurement /

Guardado en:
Autor Principal: Bragg, Gordon M., 1939-
Formato: Libro
Idioma:English
Publicado: Englewood Cliffs, N.J. : Prentice-Hall, c1974.
Materias:
Etiquetas: Agregar Etiqueta
Sin Etiquetas, Sea el primero en etiquetar este registro!
LEADER 00862cam a22002415a 4500
001 EIQ.libpla000287
008 731030s1974####njua#####b####001#0#eng#d
005 20060505145955.0
245 1 0 |a Principles of experimentation and measurement /  |c Gordon M. Bragg. 
260 |a Englewood Cliffs, N.J. :  |b Prentice-Hall,  |c c1974. 
300 |a xi, 176 p. :  |b il. ;  |c 24 cm. 
504 |a Incluye referencias bibliográficas e índice. 
020 |a 0137011695 
100 1 |a Bragg, Gordon M.,  |d 1939- 
082 0 0 |a 507/.2 
650 4 |a Análisis de error (Matemáticas)  |x Teoría. 
650 4 |a Diseño experimental  |x Principios. 
650 4 |a Experimental design  |x Principles. 
650 4 |a Mensuration.  |x Principles. 
650 4 |a Error analysis (Mathematics)  |x Theory. 
010 |a  73019518  
040 |a DLC  |c DLC  |d AR-BbSID 
859 |a AR-BbSID  |b BIB. PLAPIQUI  |h 507.2  |i Bra 72  |p 4605